Bytový dom

Uložené v:
Podrobná bibliografia
Hlavný autor: Simonides, Samuel (Autor)
Ďalší autori: Antošová, Naďa (Vedúci práce)
Médium: Rukopis Kniha
Jazyk:Slovak
Vydavateľské údaje: 2020
Predmet:
On-line prístup:http://is.stuba.sk/zp/portal_zp.pl?podrobnosti=144226
https://opac.crzp.sk/?fn=detailBiblioForm&sid=669792990D135F3F56B8AF0DC5E0
Tagy: Pridať tag
Žiadne tagy, Buďte prvý, kto otaguje tento záznam!

MARC

LEADER 00000ntm a22000003a 4500
001 stuzp79330
003 SK-STU
005 20230522145359.4
007 ta
008 150427s2015----xo-----f-mn---000-0-slo-d
040 |a STU  |b slo 
041 0 |a slo 
100 1 |a Simonides, Samuel  |u 010270  |4 aut  |U SvF Stavebná fakulta  |T SvF Katedra technológie stavieb  |X 93262  |U V270  |Y 28  |7 93262 
242 0 1 |a Apartment building  |y eng 
245 1 0 |a Bytový dom 
260 |c 2020 
650 4 |a Bytový dom  |2 slo 
650 4 |a Montovaný strop  |2 slo 
650 4 |a Ytong  |2 slo 
650 4 |a Prefabricated ceiling  |2 eng 
650 4 |a Ytong  |2 eng 
650 4 |a Flat house  |2 eng 
700 1 |a Antošová, Naďa  |u 010270  |k Z1  |4 ths  |U SvF Stavebná fakulta  |T SvF Katedra technológie stavieb  |X 3720  |U V270  |Y 28  |7 A000003720 
856 4 |u http://is.stuba.sk/zp/portal_zp.pl?podrobnosti=144226 
856 4 |u https://opac.crzp.sk/?fn=detailBiblioForm&sid=669792990D135F3F56B8AF0DC5E0